000 01499nam a2200289 i 4500
001 157354
003 ES-MaACL
005 20250816091141.0
008 990709s1771 fr a |||| | fre d
040 _aCLM
_bspa
_cCLM
100 1 _aMilly, Nicolas-Christiern de Thy,
_ccomte de,
_d1728-1784
_9153992
245 1 2 _aL'art de la porcelaine /
_cpar M. le comte de Milly.
260 _a[Paris] :
_bSaillant et Nyon,
_c1771 (
_fImp. de L.F. Delatour)
300 _aXXXII, 60, [2] p., [1] h. de grab., VIII h. de grab. ;
_cFol. (44 cm)
490 1 _aDescriptions des arts et métiers faites ou approuvées par Messieurs de l'Académie Royale des Sciences
530 _aDisponible en formato digital.
596 _aDatos de imp. tomados de colofón.
597 _aSign.: a-h2, A-P2, Q1.
599 _aLas de grab. son calc., 3 de ellas pleg.
599 _aLa h. de grab. calc.: "N. Ransonnette Inv. et Fecit" detrás de la portadilla.
650 4 _aPorcelana-
_vObras anteriores a 1800.
_9153994
700 1 _aRansonnette, Nicolas,
_d1745-1810
_9153993
830 0 0 _aDescriptions des arts et métiers
_9241750
852 _aES-MaACL
_jR-53(5)
_z- Enc. hol.
_q- Falto de las [2] p.
_x- Edic.: la h. de grab., que mencionan independiente de la secuencia numerada en romanos de h. de grab., es un Front. calc.: "N. Ransonnette inv. et fecit"
_x Olim: C-10827-70
856 _uhttp://gallica.bnf.fr/ark:/12148/bpt6k10676269?rk=21459;2
_zBNF-Gallica
999 _c157354
_d157354